00937nam a2200253 a 4500001001000000005001700010008004100027041000800068044000800076050002500084100003200109245011000141260004400251300003800295440011400333500003400447500000800481504002900489600003900518650002500557650002500582650004000607710003600647BRCA_540320190320205049.0770524s1937 nyua######---#001-0#eng-# aeng anyu 4aND813.R52b.T73 19371 aTrapier, Elizabeth du Gué10aMartin Rico y Ortegabin the collection of the Hispanic Society of Americacby Elizabeth Du Gué Trapier aNueva YorkbOrder of the Trusteesc1937 a44 p.bil., 287 láminasc19 cm. 0aHispanic notes & monographs: essays, studies, and brief biographies issued by the Hispanic Society of America aIncluye índice alfabético aM21 aBibliografía: p. 33-3514aRico y Ortega, Martínd1833-190814aPintores españoles14aPinturas españolas14aGalerías y museoszEstados Unidos2 aThe Hispanic Society of America